000 00331nam a22001337a 4500
008 170406b xxu||||| |||| 00| 0 eng d
020 _a2801842142471
041 _aeng
080 _a616.15
100 _a9
101 _aSHM
245 _aATLAS OFDIFFERENTIAL DIAGNOSIS IN NEOPLASTIC HEMATOPATHOLOGY
_cGORCZYCA, W
942 _2udc
_cBK
999 _c9928
_d9928